000 00547nam a2200181Ia 4500
999 _c16905
_d16905
003 OSt
005 20200606120028.0
008 190216s9999||||xx |||||||||||||| ||und||
020 _a97881904435101
040 _cMESKC library
082 _a796.358
_bSAH/M
100 _aSahil, Sanjeev Manohar
_9238
245 0 _aMaster Blaster Sachin Tendulker /
_cSanjeev Manohar Sahil
260 _bSaksharatha Pusthak Kendre,
_c2010.
_aDelhi:
300 _a168p
650 _aHindi
942 _cBK
_2ddc
_h796.358
_iSAH/M
_k796.358
_mSAH/M